000 01385cam a22003374a 4500
001 12339216
003 EG-ScBUE
005 20250611094448.0
008 010308t2001 nyua f 001 0 eng d
020 _a0471391069 (cloth)
040 _aDLC
_beng
_erda
_cDLC
_dDLC
_dEG-ScBUE
082 0 4 _a535.6
_222
_bNAS
100 1 _aNassau, Kurt,
_eauthor.
245 1 4 _aThe Physics and chemistry of color :
_bthe fifteen causes of color /
_cKurt Nassau.
250 _aSecond edition.
264 1 _aNew York :
_bJohn Wiley & Sons, Inc.,
_c[2001]
264 4 _cc2001
300 _axx, 481 pages :
_billustrations ;
_c25 cm
336 _2rdacontent
_atext
_btxt
337 _aunmediated
_2rdamedia
_bn
338 _avolume
_bnc
_2rdacarrier
500 _aIncludes index.
650 7 _aColor.
_2BUEsh
650 7 _aChemistry, Physical and theoretical.
_2BUEsh
655 _vReading book
856 4 2 _3Contributor biographical information
_uhttp://www.loc.gov/catdir/bios/wiley044/2001024237.html
856 4 2 _3Publisher description
_uhttp://www.loc.gov/catdir/description/wiley037/2001024237.html
856 4 _3Table of Contents
_uhttp://www.loc.gov/catdir/toc/onix06/2001024237.html
942 _2ddc
_cBB
999 _c10431
_d10431